| 000 | 00641cam a2200217 4500 | ||
|---|---|---|---|
| 001 | ABS61678 | ||
| 008 | 000000n1999 000 0 eng u | ||
| 035 | _a(Sirsi) u103272 | ||
| 100 | _aPearson, S | ||
| 245 | _aPlan the impact | ||
| 260 | _c1999 | ||
| 490 |
_aConstruction News _v (6641) 11 November 1999, 34(1) |
||
| 520 | _aContractors are becoming increasingly aware of the environmental impact of construction projects. | ||
| 590 | _aABS | ||
| 650 | _aSUSTAINABLE DEVELOPMENT | ||
| 650 | _aPOLLUTION | ||
| 650 | _aENVIRONMENTAL IMPACT | ||
| 650 | _aCONSTRUCTION PROJECTS | ||
| 690 | _aDEVELOPMENT-SUSTAINABLE | ||
| 942 | _n0 | ||
| 999 |
_c62057 _d62057 |
||